banner koha

Variedade híbrida de cacaueiros em intercultivo com coqueiros da variedade anã: comportamento agronômico e seleção de clones (Registro n. 214330)

MARC details
000 -LÍDER
campo de controle de tamanho fixo 01201nas a2200361 4500
001 - NÚMERO DE CONTROLE
campo de controle BR2011004572
003 - IDENTIFICADOR DO NÚMERO DE CONTROLE
campo de controle BR-BrBNA
005 - DATA E HORÁRIO DA ÚLTIMA TRANSAÇÃO
campo de controle 20231205115535.0
007 - CAMPO FIXO DE DESCRIÇÃO FÍSICA--INFORMAÇÃO GERAL
campo de controle de tamanho fixo ta
008 - CAMPO DE DADOS FIXOS--INFORMAÇÃO GERAL
campo de controle de tamanho fixo 230509b bl.|||p| |||| 00| 00por d
040 ## - FONTE DA CATALOGAÇÃO
Instituição da catalogação original BR-BrBNA
Idioma da catalogação por
Instituição que transcreveu o registro Biblioteca Nacional de Agricultura
041 ## - CÓDIGO DE IDIOMA
Código do idioma do texto/trilha sonora ou título diferente (Pt)
072 ## - CÓDIGO DE CATEGORIA DE ASSUNTO
Código de Categoria de Assunto F30
100 1# - ENTRADA PRINCIPAL--NOME PESSOAL
Nome pessoal Almeida, C.M.V.C. de
100 1# - ENTRADA PRINCIPAL--NOME PESSOAL
Nome pessoal Müller, M.W.
100 1# - ENTRADA PRINCIPAL--NOME PESSOAL
Nome pessoal Côrrea, F.L. de O.
100 1# - ENTRADA PRINCIPAL--NOME PESSOAL
Nome pessoal Cidin, A.C.M.
100 1# - ENTRADA PRINCIPAL--NOME PESSOAL
Nome pessoal Almeida, L.C. de
100 1# - ENTRADA PRINCIPAL--NOME PESSOAL
Nome pessoal Cella, R.M.
245 1# - TÍTULO
Título Variedade híbrida de cacaueiros em intercultivo com coqueiros da variedade anã: comportamento agronômico e seleção de clones
246 1# - FORMA VARIANTE DO TÍTULO
Título/título abreviado Hybrid varieties of cacao trees in intercropping with dwarf coconut trees: Agronomic performance and selection of clones
650 ## - ASSUNTO--TERMO TÓPICO
Cabeçalho tópico ou nome geográfico CACAU
650 ## - ASSUNTO--TERMO TÓPICO
Cabeçalho tópico ou nome geográfico THEOBROMA CACAO
650 ## - ASSUNTO--TERMO TÓPICO
Cabeçalho tópico ou nome geográfico CÔCO
650 ## - ASSUNTO--TERMO TÓPICO
Cabeçalho tópico ou nome geográfico HÍBRIDO
650 ## - ASSUNTO--TERMO TÓPICO
Cabeçalho tópico ou nome geográfico MÉTODO DE MELHORAMENTO
650 ## - ASSUNTO--TERMO TÓPICO
Cabeçalho tópico ou nome geográfico CLONAGEM
650 ## - ASSUNTO--TERMO TÓPICO
Cabeçalho tópico ou nome geográfico RENDIMENTO<br/>
773 0# - ENTRADA ANALÍTICA
Título Agrotrópica (Brazil)
ISSN - International Standard Serial Number ISSN 0103-3816
Partes relacionadas (May-Aug 2010), v. 22(2) p. 99-106
Número de controle do registro BR2011004572
856 40 - LOCALIZAÇÃO ELETRÔNICA E ACESSO
Caminho Link DSPACE/MAPA BR2011004572
909 ## -
-- 202311
-- Lúcia
-- 55
-- Lúcia Elande
942 ## - ELEMENTOS DE ENTRADA ADICIONADOS (KOHA)
Fonte da classificação ou esquema de arquivamento na estante Classificação AGRIS
Ocultar no OPAC Não
Tipo de material Koha Analítica
Exemplares
Situação do descarte Fonte da classificação ou esquema de arquivamento na estante Situação física Não pode ser emprestado Biblioteca de origem Biblioteca atual Localização na estante Enumeração do periódico / cronologia Total de empréstimos Data de último acesso Número do exemplar Tipo de material Koha Fonte de aquisição
  Classificação AGRIS   Consulta local Biblioteca Nacional de Agricultura - Binagri Biblioteca Nacional de Agricultura - Binagri   (May-Aug 2010), v. 22(2) p. 99-106   29/11/2023 01 Periódicos Portaria Interministerial nº 164/94

BINAGRI

Telefone: (61)3218-2567/2388/3357/2097 - binagri@agro.gov.br

Ministério da Agricultura e Pecuária , Esplanada dos Ministérios, Bloco D, Anexo B, Brasília/DF, CEP: 70.043-900